Semirings for soft constraint solving and programming

Αποθηκεύτηκε σε:
Λεπτομέρειες βιβλιογραφικής εγγραφής
Κύριος συγγραφέας: Bistarelli, Stefano 1968-
Μορφή: Βιβλίο
Γλώσσα:English
Δημοσίευση: Berlin ; New York : Springer, c2004
Σειρά:Lecture notes in computer science ; ; 2962
Θέματα:
Ετικέτες: Προσθήκη ετικέτας
Δεν υπάρχουν, Καταχωρήστε ετικέτα πρώτοι!

MARC

LEADER 00000nam a2200000 i 4500
001 1/64600
008 071127s2004 eng d
020 |a 3-540-21181-0 
035 |l 10092571 
040 |a GR-MY-UA  |b gre  |e aacr 
041 0 |a eng 
082 0 |a 005.11  |2 (22) 
100 1 |a Bistarelli, Stefano  |d 1968- 
245 1 0 |a Semirings for soft constraint solving and programming /  |c Stefano Bistarelli 
260 |a Berlin ; New York :   |b Springer,   |c c2004 
300 |a xii, 279 σ.;  |b εικ.;  |c 24 εκ. 
490 1 |a Lecture notes in computer science  |v ; 2962 
504 |a Περιέχει βιβλιογραφικές παραπομπές (σ. [269]-279). 
650 0 0 |a Constraint programming (Computer science) 
830 0 |a Lecture notes in computer science ;  |v ; 2962 
852 |a INST  |b SAMOS  |e 20071127  |h 005.11 BIS  |p 005300027678  |q 005300027678  |t BK  |y 0 
901 |a BIBL3-2007-3 
909 |a Σ  |b 140239 
922 |a 3ΕΛΗ  |b 200711  |c ΕΠΕΑΕΚ2/ΤΜΠΕΣ  |d ΠΑΠΑΣΩΤΗΡΙΟΥ 
970 |a ΣΙΤΖΙΜΗ  |b ΓΙΑΣΕΜΗ  |z 2007/11/27